Statistics for 50 Biggest Cities in the European Union

Click here to take the quiz!

General Stats

  • This quiz has been taken 1,395 times
    (154 since last reset)
  • The average score is 43 of 50

Answer Stats

CountryPopulationCity% Correct
Germany3,755,251Berlin
100%
Hungary1,671,004Budapest
100%
Spain3,280,782Madrid
100%
France2,102,650Paris
100%
Italy2,748,109Rome
100%
Austria1,982,442Vienna
100%
Netherlands921,402Amsterdam
99%
Spain1,636,193Barcelona
99%
Italy1,354,196Milan
99%
Czech Republic1,357,326Prague
99%
Sweden984,748Stockholm
99%
Poland1,861,644Warsaw
99%
Romania2,162,281Bucharest
98%
Germany1,892,122Hamburg
98%
Germany1,512,491Munich
98%
Italy913,462Naples
98%
Bulgaria1,280,334Sofia
98%
Croatia767,445Zagreb
96%
Finland665,558Helsinki
95%
Greece637,798Athens
94%
Denmark653,664Copenhagen
94%
Ireland588,233Dublin
93%
France870,321Marseille
93%
Latvia614,987Riga
92%
Germany773,068Frankfurt
91%
Netherlands663,945Rotterdam
91%
Poland804,237Kraków
90%
Portugal548,703Lisbon
90%
Spain792,492Valencia
88%
Lithuania583,098Vilnius
88%
Germany1,084,831Cologne
87%
Spain681,998Seville
87%
Italy841,600Turin
86%
Netherlands562,501The Hague
81%
Germany629,047Düsseldorf
76%
Germany632,865Stuttgart
75%
Italy630,167Palermo
74%
Sweden596,841Gothenburg
73%
Germany563,311Dresden
71%
Germany593,317Dortmund
69%
Germany616,093Leipzig
69%
Italy558,745Genoa
67%
Spain579,076Málaga
65%
Germany569,396Bremen
64%
Germany584,580Essen
64%
Germany545,045Hanover
62%
Poland655,279Łódź
62%
Spain673,010Zaragoza
62%
Poland674,132Wrocław
54%
Poland540,146Poznań
49%

Score Distribution

Percentile by Number Answered

Percent of People with Each Score

Your Score History

You have not taken this quiz since the last reset